Pracovná úrazovosť v malých a stredných podnikoch v Slovenskej republike
Pracovná úrazovosť - dlhodobo sledovaný ekonomický ukazovateľ. Špecifické psychologické podmienky, súvislosti a dôsledky pracovnej úrazovosti pri práci v stavebníctve. Analýza príčin pracovných úrazov.
Enregistré dans:
| Auteur principal: | |
|---|---|
| Format: | Chapitre de livre |
| Langue: | slovaque |
| Sujets: | |
| Tags: |
Pas de tags, Soyez le premier à ajouter un tag!
|
MARC
| LEADER | 00000nla a2200000 4500 | ||
|---|---|---|---|
| 001 | 0195849 | ||
| 005 | 20240502073308.4 | ||
| 041 | 0 | |a slo | |
| 044 | |a SK | ||
| 245 | 1 | 0 | |a Pracovná úrazovosť v malých a stredných podnikoch v Slovenskej republike |c Natália Matkovčíková |
| 520 | |a Pracovná úrazovosť - dlhodobo sledovaný ekonomický ukazovateľ. Špecifické psychologické podmienky, súvislosti a dôsledky pracovnej úrazovosti pri práci v stavebníctve. Analýza príčin pracovných úrazov. | ||
| 610 | 2 | 0 | |a úrazy pracovné |
| 610 | 2 | 0 | |a podnik malý |
| 610 | 2 | 0 | |a podnik stredný |
| 610 | 2 | 0 | |a Slovensko |
| 610 | 2 | 0 | |a stavebníctvo |
| 610 | 2 | 0 | |a rozvoj trvalo udržateľný |
| 610 | 2 | 0 | |a bezpečnosť práce |
| 100 | 1 | |a Matkovčíková, Natália, 1982- | |